Corrosion engineering (Record no. 3984)

000 -LEADER
fixed length control field 00731nam a2200229 i 4500
001 - CONTROL NUMBER
control field 3984
003 - CONTROL NUMBER IDENTIFIER
control field BD-DhUET
008 - FIXED-LENGTH DATA ELEMENTS--GENERAL INFORMATION
fixed length control field 770810s1978 nyua b 001 0 eng
020 ## - INTERNATIONAL STANDARD BOOK NUMBER
International Standard Book Number
040 ## - CATALOGING SOURCE
Original cataloging agency DLC
Transcribing agency DLC
Modifying agency BD-DhUET
082 00 - DEWEY DECIMAL CLASSIFICATION NUMBER
Classification number 620.1122
Item number FON/1967
100 ## - MAIN ENTRY--PERSONAL NAME
Personal name Fontana, Mars G.
245 10 - TITLE STATEMENT
Title Corrosion engineering
250 ## - EDITION STATEMENT
Edition statement 2nd ed.
260 ## - PUBLICATION, DISTRIBUTION, ETC. (IMPRINT)
Place of publication, distribution, etc. New York
Name of publisher, distributor, etc. McGraw-Hill
Date of publication, distribution, etc. 1978
300 ## - PHYSICAL DESCRIPTION
Extent xiii, 465 p.
Other physical details ill.
Dimensions 24 cm.
490 0# - SERIES STATEMENT
Series statement Materials science and engineering series
504 ## - BIBLIOGRAPHY, ETC. NOTE
Bibliography, etc Includes bibliographies
650 #0 - SUBJECT ADDED ENTRY--TOPICAL TERM
Topical term or geographic name as entry element Corrosion - Engineering
700 ## - ADDED ENTRY--PERSONAL NAME
Personal name Greene, Norbert D.
942 ## - ADDED ENTRY ELEMENTS (KOHA)
Koha item type General Book
Holdings
Koha date last seen Koha normalized classification for sorting Damaged status Shelving location Date acquired Copy number Not for loan Sublocation or collection (holding branch) Source of classification or shelving scheme Koha issues (times borrowed) Price effective from Location (home branch) Withdrawn status Koha item type Lost status Koha full call number Koha date last borrowed Piece designation (barcode)
2022-11-21620_112200000000000_FON_1978 Circulation section2014-11-101 Central Library, BUET 22014-11-10Central Library, BUET General Book 620.1122/FON/19782022-09-1371357
2022-10-01620_000000000000000_1122FON197 Circulation section2014-11-122 Central Library, BUET 32014-11-12Central Library, BUET General Book 620.1122/FON/19782022-07-2571356
2022-06-29620_000000000000000_1122FON197 Circulation section2014-11-163 Central Library, BUET 22014-11-16Central Library, BUET General Book 620.1122/FON/19782022-06-1546427
2014-11-29620_112200000000000_FON_1978 Circulation section2014-11-294 Central Library, BUET  2014-11-29Central Library, BUET General Book 620.1122/FON/1978 29712
2015-07-01620_112200000000000_FON_1967 Reading section2015-07-015 Central Library, BUET  2015-07-01Central Library, BUET Reading Item 620.1122/FON/1967 59780
2024-11-24620_112200000000000_FON_1967 Rental section2024-11-24ক-৫ Central Library, BUET  2024-11-24Central Library, BUET Rental Item 620.1122 FON/1967 59783
2024-11-24620_112200000000000_FON_1967 Rental section2024-11-24ক-৬ Central Library, BUET  2024-11-24Central Library, BUET Rental Item 620.1122 FON/1967 59784
2024-11-24620_112200000000000_FON_1967 Rental section2024-11-24ক-৭ Central Library, BUET  2024-11-24Central Library, BUET Rental Item 620.1122 FON/1967 59785
2024-11-24620_112200000000000_FON_1967 Rental section2024-11-24ক-৮ Central Library, BUET  2024-11-24Central Library, BUET Rental Item 620.1122 FON/1967 59786